| 000 | 01152nam a2200289 a 4500 | ||
|---|---|---|---|
| 003 | DO-SdBNP | ||
| 005 | 20250210090746.0 | ||
| 007 | ta | ||
| 008 | 221205e1986 dr ac||gr|||| 001 0dspa d | ||
| 040 |
_aDO-SdBNP _bspa _cBNPHU |
||
| 082 | 4 |
_222 _bZ12g |
|
| 100 | 1 |
_aZabala Lorenzo, Roque, _d1954- _974808 |
|
| 245 | 1 | 3 |
_aLos gobiernos azules y la prensa. / _cRoque Zabala Lorenzo |
| 250 | _a2a. ed. | ||
| 260 |
_aSanto Domingo : _bMontalvo, _c1986 |
||
| 300 |
_a87 p. : _bil., retr. ; _c21 cm. |
||
| 500 | _aIncluye datos biografícos del autor en la contracubierta | ||
| 504 | _aBibliografía: p. 90 - 91 | ||
| 505 |
_tProyecto de tesis.-- _gCapítulo 1 _tLos gobiernos azules.-- _gCapítulo 2. _tEl diarismo.-- _gCapítulo 3. _tOtras publicaciones no diarias.-- _tConclusión.-- _tBibliografía. |
||
| 590 | _aInventariado 2022 / MF | ||
| 650 | 4 |
_936807 _aGobierno y Prensa _zRepública Dominicana |
|
| 650 | 4 |
_926392 _aPeriodismo Político _zRepública Dominicana _xHistoria _y1879-1899 |
|
| 650 | 4 |
_930 _aPeriodismo _xHistoria _y1879-1899 |
|
| 651 | 4 |
_934501 _aRepública Dominicana _xHistoria _xPrensas _y1879-1899 |
|
| 910 | _aMFeliz | ||
| 942 |
_2ddc _cLBS1 |
||
| 999 |
_c53071 _d53071 |
||